Pokemon General Trivia #4 - Statistics

General Stats
  • This quiz has been taken 181 times
  • The average score is 13 of 30
Answer Stats
Hint Answer % Correct
Name the Psychic Pokemon that can Mega Evolve. Alakazam
91%
Which Pokemon has the signature ability Color Change? Kecleon
83%
Name the Psychic Pokemon that can Mega Evolve. Mewtwo
76%
What does the ability Cloud Nine eliminate? The weather
76%
Which abilities prevent each of the non-volatile status conditions onto a Pokemon? Sleep Insomnia/Sweet Veil/Vital Spirit
73%
Name the Psychic Pokemon that can Mega Evolve. Gardevoir
67%
Name the Psychic Pokemon that can Mega Evolve. Gallade
62%
Name the Psychic Pokemon that can Mega Evolve. Medicham
52%
Name the Psychic Pokemon that can Mega Evolve. Latias
45%
Name the Psychic Pokemon that can Mega Evolve. Latios
45%
Which abilities prevent each of the non-volatile status conditions onto a Pokemon? Paralysis Limber
45%
List the Pokemon whose name contains (one of) its type. Darkrai
43%
Name the Psychic Pokemon that can Mega Evolve. Metagross
43%
List the Pokemon whose name contains (one of) its type. Dragonite
41%
Name the Psychic Pokemon that can Mega Evolve. Slowbro
41%
List the Pokemon whose name contains (one of) its type. Steelix
41%
List the Pokemon whose name contains (one of) its type. Registeel
40%
Which abilities prevent each of the non-volatile status conditions onto a Pokemon? Poison Immunity/Pastel Veil
39%
List the Pokemon whose name contains (one of) its type. Regice
39%
List the Pokemon whose name contains (one of) its type. Regirock
39%
List the Pokemon whose name contains (one of) its type. Dragonair
37%
List the Pokemon whose name contains (one of) its type. Clefairy
30%
Which abilities prevent each of the non-volatile status conditions onto a Pokemon? Frozen Magma Armor
30%
List the Pokemon whose name contains (one of) its type. Rockruff
29%
List the Pokemon whose name contains (one of) its type. Scatterbug
28%
List the Pokemon whose name contains (one of) its type. Blipbug
27%
Which abilities prevent each of the non-volatile status conditions onto a Pokemon? Burn Water Veil/Water Bubble
21%
List the Pokemon whose name contains (one of) its type. Charjabug
16%
List the Pokemon whose name contains (one of) its type. Celesteela
12%
List the Pokemon whose name contains (one of) its type. Solrock
11%
No matching quizzes found
Score Distribution
Percent of People with Each Score
Percentile by Number Answered
Your Score History
You have not taken this quiz